[Event "POR-ch U14"]
[Site "Luso"]
[Date "2018.03.28"]
[Round "7"]
[White "Rocha, Daniel Goncalo Henr"]
[Black "Borges, Afonso Maria de Alm"]
[Result "1-0"]
[WhiteElo "1287"]
[BlackElo "1190"]
[PlyCount "85"]
[EventDate "2018.03.24"]
[EventType "swiss"]
[EventRounds "7"]
[EventCountry "POR"]
[SourceTitle "EXT 2019"]
[Source "ChessBase"]
[SourceDate "2018.10.10"]
[SourceVersion "1"]
[SourceVersionDate "2018.10.10"]
[SourceQuality "1"]

1. e4 e5 2. Nf3 Nc6 3. d4 exd4 4. Nxd4 Bc5 5. Be3 Nf6 6. Nxc6 dxc6 7. Qxd8+ Kxd8 8. Bxc5 Nxe4 9. Be3 Re8 10. Bd3 Nf6 11. 0-0 Be6 12. Nc3 Ke7 13. Rad1 Kf8 14. h3 h6 15. Rfe1 Rad8 16. Be2 Bf5 17. Rxd8 Rxd8 18. Bc5+ Kg8 19. Rd1 Re8 20. Bd3 Be6 21. a3 Rd8 22. Bh7+ Kxh7 23. Rxd8 Nd7 24. Be3 Kg6 25. Ne4 b6 26. b4 f5 27. Nc3 Kf7 28. Ra8 Ke7 29. Rxa7 Kd8 30. Bf4 g5 31. Bxc7+ Kc8 32. Bd6 f4 33. Ra8+ Kb7 34. Rh8 c5 35. Rxh6 Bf5 36. Rh5 Kc6 37. Rxg5 Bxc2 38. Bxf4 cxb4 39. axb4 Nf6 40. h4 Kd7 41. Be5 Ke6 42. Bxf6 Kxf6 43. Rb5 1-0

[Event "POR Associations Cup"]
[Site "Almeirim"]
[Date "2017.10.14"]
[Round "1.3"]
[White "Rocha, Daniel Goncalo Henr"]
[Black "Pereira, Fernando Luis Melao"]
[Result "0-1"]
[WhiteElo "1312"]
[BlackElo "2026"]
[PlyCount "36"]
[EventDate "2017.10.14"]
[EventType "team-k.o."]
[EventRounds "3"]
[EventCountry "POR"]
[SourceTitle "CBM 181 Extra"]
[Source "ChessBase"]
[SourceDate "2017.12.12"]
[SourceVersion "1"]
[SourceVersionDate "2017.12.12"]
[SourceQuality "1"]
[WhiteTeam "Ateneu Popular Montijo"]
[BlackTeam "Portugal/Atlantidiagonal"]
[WhiteTeamCountry "POR"]
[BlackTeamCountry "POR"]

1. e4 c5 2. Nf3 Nc6 3. d4 cxd4 4. Nxd4 Nf6 5. Nc3 d6 6. h3 e5 7. Ndb5 a6 8. Na3 b5 9. Naxb5 axb5 10. Bxb5 Bd7 11. Bg5 Be7 12. Nd5 Nxd5 13. exd5 Qa5+ 14. Qd2 Bxg5 15. Qxa5 Nxa5 16. Bxd7+ Kxd7 17. b3 Rhc8 18. c4 Nxb3 0-1

[Event "Caparica op 2nd"]
[Site "Caparica"]
[Date "2017.06.23"]
[Round "3"]
[White "Machado, Tomas Dias"]
[Black "Rocha, Daniel Goncalo Henr"]
[Result "1-0"]
[WhiteElo "1647"]
[BlackElo "1280"]
[PlyCount "27"]
[EventDate "2017.06.21"]
[EventType "swiss"]
[EventRounds "7"]
[EventCountry "POR"]
[SourceTitle "EXT 2018"]
[Source "ChessBase"]
[SourceDate "2017.10.13"]
[SourceVersion "1"]
[SourceVersionDate "2017.10.13"]
[SourceQuality "1"]

1. e4 d5 2. exd5 Qxd5 3. Nc3 Qa5 4. d4 c6 5. Nf3 Nf6 6. Be2 Bf5 7. 0-0 e6 8. Re1 Be7 9. Bf4 0-0 10. a3 Nbd7 11. Qd2 Rad8 12. b4 Qb6 13. Na4 Ne4 14. Qe3 1-0